| 000 | 00700cab a2200241 4500 | ||
|---|---|---|---|
| 001 | WB3346-44 | ||
| 008 | 090401t1997 xxu||||| |||| 00| 0 eng d | ||
| 035 | _a(Sirsi) u82343 | ||
| 041 | _aeng | ||
| 245 | _aSale of PSA projects | ||
| 260 | _c1997 | ||
| 350 | _a0 | ||
| 490 |
_aNational Audit Office Press Notice _vHC 345, 26 November 1997, (2) |
||
| 520 | _aA statement from the National Audit Office on the final outcome of the sale of PSA projects to Tarmac Construction Ltd. | ||
| 650 | _aASSET VALUATION | ||
| 650 | _aNATIONAL AUDIT OFFICE | ||
| 650 | _aPSA PROJECTS | ||
| 650 | _aSALE | ||
| 650 | _aTARMAC | ||
| 690 | _aRATING AND VALUATION | ||
| 942 | _n0 | ||
| 948 | _c26/11/1997 | ||
| 999 |
_c51969 _d51969 |
||